<?xml version="1.0" encoding="UTF-8"?>
<collection xmlns="http://www.loc.gov/MARC21/slim">
<record>
  <controlfield tag="001">99291</controlfield>
  <controlfield tag="005">20240206150120.0</controlfield>
  <datafield tag="024" ind1="7" ind2=" ">
    <subfield code="2">doi</subfield>
    <subfield code="a">10.33588/rn.7112.2020352</subfield>
  </datafield>
  <datafield tag="024" ind1="8" ind2=" ">
    <subfield code="2">sideral</subfield>
    <subfield code="a">121383</subfield>
  </datafield>
  <datafield tag="037" ind1=" " ind2=" ">
    <subfield code="a">ART-2020-121383</subfield>
  </datafield>
  <datafield tag="041" ind1=" " ind2=" ">
    <subfield code="a">eng</subfield>
  </datafield>
  <datafield tag="100" ind1=" " ind2=" ">
    <subfield code="a">Brandín-De la Cruz, N.</subfield>
  </datafield>
  <datafield tag="245" ind1=" " ind2=" ">
    <subfield code="a">Immersive virtual reality and antigravity treadmill training for gait rehabilitation in Parkinson’s disease: A pilot and feasibility study</subfield>
  </datafield>
  <datafield tag="260" ind1=" " ind2=" ">
    <subfield code="c">2020</subfield>
  </datafield>
  <datafield tag="506" ind1="0" ind2=" ">
    <subfield code="a">Access copy available to the general public</subfield>
    <subfield code="f">Unrestricted</subfield>
  </datafield>
  <datafield tag="520" ind1="3" ind2=" ">
    <subfield code="a">Introduction. Treadmill training is considered an effective intervention to improve gait ability in patients with Parkinson’s disease (PD). In parallel, virtual reality shows promising intervention with several applications in the inpatient medical setting.
Aim. To evaluate the feasibility and preliminary efficacy of mechanical gait assistance combined with immersive virtual reality in patients with PD.
Patients and methods. This pilot and feasibility study followed a pre-post study design. The intervention consisted of 12 sessions of 30 minutes, distributed regularly over four consecutive weeks. Participants walked on a treadmill with a body- weight support system set at approximately 20% of body weight and equipped with a virtual reality helmet controlled by a two-handed joystick. Feasibility and intervention outcomes were collected at baseline and after four weeks of intervention.
Results. Twelve participants of 60 patients were finally enrolled. Nine of them (75%) completed the treatment intervention with an adherence rate of 97%. Two participants left the study, one of them due to sickness associated with virtual reality and another because of a lack of motivation. There were significant differences associated with small-medium effect sizes when comparing the pre and post values for walk distance, walk speed, balance, and quality of life.
Conclusions. The present study provided preliminary evidence supporting the feasibility of the combination of antigravity treadmill and immersive virtual reality system for the rehabilitation of patients with PD.</subfield>
  </datafield>
  <datafield tag="536" ind1=" " ind2=" ">
    <subfield code="9">info:eu-repo/grantAgreement/ES/FPI/CPB09-2018</subfield>
    <subfield code="9">info:eu-repo/grantAgreement/EC/H2020/731391/EU/Collaboration among Aerospace, Biotechnology, ICT, Energy and Medical Devices sectors in generating innovative solutions, business models and work-flows that enhance patient-centered care/Cross4Health</subfield>
    <subfield code="9">This project has received funding from the European Union’s Horizon 2020 research and innovation program under grant agreement No H2020 731391-Cross4Health</subfield>
  </datafield>
  <datafield tag="540" ind1=" " ind2=" ">
    <subfield code="9">info:eu-repo/semantics/openAccess</subfield>
    <subfield code="a">by-nc-nd</subfield>
    <subfield code="u">http://creativecommons.org/licenses/by-nc-nd/3.0/es/</subfield>
  </datafield>
  <datafield tag="590" ind1=" " ind2=" ">
    <subfield code="a">0.87</subfield>
    <subfield code="b">2020</subfield>
  </datafield>
  <datafield tag="591" ind1=" " ind2=" ">
    <subfield code="a">CLINICAL NEUROLOGY</subfield>
    <subfield code="b">203 / 208 = 0.976</subfield>
    <subfield code="c">2020</subfield>
    <subfield code="d">Q4</subfield>
    <subfield code="e">T3</subfield>
  </datafield>
  <datafield tag="592" ind1=" " ind2=" ">
    <subfield code="a">0.248</subfield>
    <subfield code="b">2020</subfield>
  </datafield>
  <datafield tag="593" ind1=" " ind2=" ">
    <subfield code="a">Neurology (clinical)</subfield>
    <subfield code="c">2020</subfield>
    <subfield code="d">Q3</subfield>
  </datafield>
  <datafield tag="593" ind1=" " ind2=" ">
    <subfield code="a">Medicine (miscellaneous)</subfield>
    <subfield code="c">2020</subfield>
    <subfield code="d">Q3</subfield>
  </datafield>
  <datafield tag="655" ind1=" " ind2="4">
    <subfield code="a">info:eu-repo/semantics/article</subfield>
    <subfield code="v">info:eu-repo/semantics/publishedVersion</subfield>
  </datafield>
  <datafield tag="700" ind1=" " ind2=" ">
    <subfield code="a">Secorro, N.</subfield>
  </datafield>
  <datafield tag="700" ind1=" " ind2=" ">
    <subfield code="a">Calvo, S.</subfield>
    <subfield code="0">(orcid)0000-0002-1674-7788</subfield>
  </datafield>
  <datafield tag="700" ind1=" " ind2=" ">
    <subfield code="a">Benyoucef, Y.</subfield>
  </datafield>
  <datafield tag="700" ind1=" " ind2=" ">
    <subfield code="a">Herrero, P.</subfield>
    <subfield code="u">Universidad de Zaragoza</subfield>
    <subfield code="0">(orcid)0000-0002-9201-0120</subfield>
  </datafield>
  <datafield tag="700" ind1=" " ind2=" ">
    <subfield code="a">Bellosta-López, P.</subfield>
  </datafield>
  <datafield tag="710" ind1="2" ind2=" ">
    <subfield code="1">1006</subfield>
    <subfield code="2">413</subfield>
    <subfield code="a">Universidad de Zaragoza</subfield>
    <subfield code="b">Dpto. Fisiatría y Enfermería</subfield>
    <subfield code="c">Área Fisioterapia</subfield>
  </datafield>
  <datafield tag="773" ind1=" " ind2=" ">
    <subfield code="g">71, 12 (2020), 447-454</subfield>
    <subfield code="p">Rev. neurol.</subfield>
    <subfield code="t">Revista de neurologia</subfield>
    <subfield code="x">0210-0010</subfield>
  </datafield>
  <datafield tag="856" ind1="4" ind2=" ">
    <subfield code="s">450083</subfield>
    <subfield code="u">http://zaguan.unizar.es/record/99291/files/texto_completo.pdf</subfield>
    <subfield code="y">Versión publicada</subfield>
  </datafield>
  <datafield tag="856" ind1="4" ind2=" ">
    <subfield code="s">2714933</subfield>
    <subfield code="u">http://zaguan.unizar.es/record/99291/files/texto_completo.jpg?subformat=icon</subfield>
    <subfield code="x">icon</subfield>
    <subfield code="y">Versión publicada</subfield>
  </datafield>
  <datafield tag="909" ind1="C" ind2="O">
    <subfield code="o">oai:zaguan.unizar.es:99291</subfield>
    <subfield code="p">articulos</subfield>
    <subfield code="p">driver</subfield>
  </datafield>
  <datafield tag="951" ind1=" " ind2=" ">
    <subfield code="a">2024-02-06-14:56:11</subfield>
  </datafield>
  <datafield tag="980" ind1=" " ind2=" ">
    <subfield code="a">ARTICLE</subfield>
  </datafield>
</record>
</collection>